| 000 | 00597nam a2200181Ia 4500 | ||
|---|---|---|---|
| 008 | 151202s9999||||xx |||||||||||||| ||und|| | ||
| 082 | _bPNVM-50002 | ||
| 100 | _aपाटील नेताजी. | ||
| 245 | _aआठवणींचं वारुळ. | ||
| 260 | _b"अनघा प्रकाशन,ठाणे." | ||
| 260 | _c2004 | ||
| 300 | _a88 | ||
| 600 | _aपाटील नेताजी. | ||
| 630 | _aआठवणींचं वारुळ. | ||
| 700 | _aपाटील नेताजी. | ||
| 730 | _aआठवणींचं वारुळ. | ||
| 942 | _cBOOK | ||
| 999 |
_c1316544 _d1316541 |
||